El perseguidor
Cuento largo, donde se narra la historia de un saxofonista llamado Johnny, este se encuentra inmerso en el mundo de la música, pero también tiene otras adicciones en la vida como el alcohol y la marihuana. El cuento se basa en la vida de desenfreno del protagonista, contada en primera persona por su...
Shranjeno v:
| Glavni avtor: | |
|---|---|
| Format: | Knjiga |
| Jezik: | Undetermined |
| Izdano: |
Madrid, España
Alianza Editorial
1996
|
| Teme: | |
| Oznake: |
Označite
Brez oznak, prvi označite!
|
MARC
| LEADER | 00000nam a2200000Ia 4500 | ||
|---|---|---|---|
| 008 | 170316s9999 xx 000 0 und d | ||
| 040 | |a cru BVZT | ||
| 090 | |a 860 C-43pe | ||
| 100 | |a Cortázar, Julio |9 1364 | ||
| 245 | |a El perseguidor | ||
| 260 | |a Madrid, España | ||
| 260 | |b Alianza Editorial | ||
| 260 | |c 1996 | ||
| 300 | |a 93 páginas | ||
| 520 | |a Cuento largo, donde se narra la historia de un saxofonista llamado Johnny, este se encuentra inmerso en el mundo de la música, pero también tiene otras adicciones en la vida como el alcohol y la marihuana. El cuento se basa en la vida de desenfreno del protagonista, contada en primera persona por su mejor amigo Bruno, quién está elaborando una biografía del artista, al mismo tiempo que intenta mantener a flote la carrera de su amigo. | ||
| 650 | |a LITERATURA LATINOAMERICANA |9 15 | ||
| 650 | |a NOVELA |9 13 | ||
| 999 | |c 8546 |d 8546 | ||
| 942 | |c 15 D |h 860 C-43pe |2 z | ||
